Loading...
| Science - Biology | 0 | 4 | 0 | 3 | 40 | 28 | 92.75 | 1 | 1 | 0.00 | 0.00 |
| Science - Other | 0 | 4 | 1 | 3 | 35 | 37 | 94.00 | 0 | 1 | 0.00 | 0.00 |
| History - Other | 0 | 3 | 0 | 0 | 30 | 36 | 48.00 | 1 | 3 | 0.00 | 0.00 |
| History - American | 0 | 3 | 0 | 1 | 30 | 39 | 74.33 | 0 | 1 | 0.00 | 0.00 |
| Mythology | 0 | 2 | 0 | 1 | 20 | 94 | 108.00 | 0 | 0 | 0.00 | 0.00 |
| History - World | 0 | 2 | 0 | 1 | 20 | 62 | 94.50 | 0 | 1 | 0.00 | 0.00 |
| Science - Chemistry | 0 | 2 | 0 | 2 | 20 | 118 | 120.50 | 0 | 0 | 0.00 | 0.00 |
| Geography | 0 | 2 | 0 | 1 | 20 | 94 | 112.50 | 0 | 0 | 0.00 | 0.00 |
| Social Science | 0 | 2 | 1 | 0 | 15 | 40 | 54.50 | 1 | 1 | 0.00 | 0.00 |
| Other Academic | 0 | 1 | 0 | 0 | 10 | 45 | 45.00 | 1 | 1 | 0.00 | 0.00 |
| Fine Arts - Classical Music | 0 | 1 | 0 | 0 | 10 | 54 | 54.00 | 0 | 1 | 0.00 | 0.00 |
| Literature - British | 0 | 1 | 0 | 0 | 10 | 46 | 46.00 | 0 | 1 | 0.00 | 0.00 |
| Literature - European | 0 | 1 | 0 | 0 | 10 | 87 | 87.00 | 0 | 1 | 0.00 | 0.00 |
| Philosophy | 0 | 1 | 0 | 0 | 10 | 40 | 40.00 | 0 | 1 | 0.00 | 0.00 |
| Religion | 0 | 1 | 0 | 0 | 10 | 98 | 98.00 | 0 | 0 | 0.00 | 0.00 |
| Science - Physics | 0 | 1 | 1 | 0 | 5 | 66 | 66.00 | 0 | 0 | 0.00 | 0.00 |
| Current Events | 0 | 1 | 1 | 0 | 5 | 43 | 43.00 | 1 | 1 | 0.00 | 0.00 |
| Popular Culture | 0 | 0 | 1 | 0 | -5 | 0.00 | 0 | 0 | 0.00 | 0.00 |